000 00416nam a2200181Ia 4500
001 755
005 20260306140541.0
008 260306t2012||||xx |||||||||||||| ||spa||
041 _aESP
082 _a160
_bG24
100 _aGarcía Trevijano, Carmen
_eAUT
245 0 _aEl arte de la lógica
260 _c2012
300 _a243 páginas :
_c23 cm.
650 _aGEN
654 _aCHU
942 _cLIB
_dJUS
_fJUS
_2ddc
_n
999 _c755
_d755